000 002290000a22000970004500
100 1 _aKendall, R. T.
245 1 0 _aAIDS : Is it God's judgment?
300 _aVol. 6, Núm 1 (1988), Páginas 12-15
773 0 _tEvangel
942 _cANA
999 _c54313
_d54313